000 01581nam0a2200337 i 4500
001 RU\NLR\BIBL_A\010674550
005 20240921180326.0
010 _a9785905126680
_9100
021 _aRU
_b2014-96440
_95855
035 _a(NILC)RuMoRGB-007845554
035 _a(NLR Aleph) 010674550
090 _a9621054
_c9621054
100 _a20150218d2014 km y0rusy50 ca
101 0 _arus
102 _aRU
105 _aa|||z|||000yy
200 1 _aМодернизация системы, развитие потенциала, саморазвитие аграрных территорий
_e(оценка, возможности роста)
_fМаржохова М. А., Халишхова Л. З.
210 _aНальчик
_c[б. и.]
_d2014
215 _a127 с.
_cил., табл.
_d21
320 _aБиблиогр.: с. 122-126 (45 назв.)
606 1 _aАгропромышленные комплексы
_xЭкономические реформы
_yРоссийская Федерация
_92250508
_3RU\NLR\AUTH\661349924
606 1 _aРегиональная экономика
_xГосударственное регулирование
_yРоссийская Федерация
_91867155
_3RU\NLR\AUTH\661138309
686 1 _aУ32(2)-434(2Р)
686 1 _aУ21(2)9(2Р)
700 1 _aМаржохова
_bМ. А.
_gМадина Аслановна
701 1 _aХалишхова
_bЛ. З.
_gЛаура Заурбековна
801 0 _aRU
_bРГБ
_c20141230
_gRCR
942 _cBOOK
980 _aNBR